| 000 | 01435cam a22003734a 4500 | ||
|---|---|---|---|
| 001 | 13269185 | ||
| 005 | 20161105101856.0 | ||
| 008 | 030710s2004 nyua beb 001 0 eng | ||
| 010 | _a 2003015694 | ||
| 020 | _a0028657748 (set : hardcover : alk. paper) | ||
| 020 | _a0028657756 (v. 1) | ||
| 020 | _a0028657764 (v. 2) | ||
| 020 | _a0028657772 (v. 3) | ||
| 020 | _a0028657780 (v. 4) | ||
| 020 | _a0028657799 (v. 5) | ||
| 040 |
_aDLC _cDLC _dDLC |
||
| 042 | _apcc | ||
| 050 | 0 | 0 |
_aQH332 _b.E52 2004 |
| 082 | 0 | 0 |
_aDRef174.95703 _22004 _bEn1 |
| 245 | 0 | 0 |
_aEncyclopedia of bioethics / _cedited by Stephen G. Post. |
| 250 | _a3rd edition | ||
| 260 |
_aNew York : _bMacmillan Reference USA, _cc2004. |
||
| 300 |
_a5 v. (lxii, 3062 pages) : _billustrations ; _c29 cm. |
||
| 504 | _aIncludes bibliographical references and index. | ||
| 505 | 0 | _av. 1. A-C -- v. 2. D-H -- v. 3. I-M -- v. 4. N-S -- v. 5. T-X, Appendix. | |
| 650 | 0 |
_aBioethics _vEncyclopedias. |
|
| 650 | 0 |
_aMedical ethics _vEncyclopedias. |
|
| 700 |
_aPost, Stephen Garrard, _d1951- _916967 _eEditor |
||
| 856 | 4 | 1 |
_3Table of contents _uhttp://www.loc.gov/catdir/toc/ecip046/2003015694.html |
| 365 |
_b50,575.00 _cPhp |
||
| 906 |
_a7 _bcbc _corignew _d1 _eecip _f20 _gy-gencatlg |
||
| 942 |
_2ddc _cDREF |
||
| 999 |
_c5503 _d5503 |
||